Presente y futuro de la Casa Provincial de Caridad : declaraciones del Diputado provincial y Presidente de la Comisión de Beneficencia, don Manuel de Jaumar y de Bofarull. declaraciones del Diputado provincial y Presidente de la Comisión de Beneficencia, don Manuel de Jaumar y de Bofarull.
Descripción Física:
Il·lustracions
Colección:
San Jorge,
; núm. 8 (octubre 1952), pàg. 17-18
Otros Autores:
Jaumar i de Bofarull, Manuel
Materias:
Casa de Caritat (Barcelona, Catalunya)
Idioma:
Español
MARC
| LEADER | 00000naa a2200000 a 4500 | ||
|---|---|---|---|
| 003 | Arxiu | ||
| 005 | 20260324181033.0 | ||
| 008 | 160829s1952 spcaxx s spa c | ||
| 040 | |a agdb | ||
| 245 | 0 | 0 | |a Presente y futuro de la Casa Provincial de Caridad : |b declaraciones del Diputado provincial y Presidente de la Comisión de Beneficencia, don Manuel de Jaumar y de Bofarull. |
| 300 | |b Il·lustracions | ||
| 490 | |a San Jorge, |v núm. 8 (octubre 1952), pàg. 17-18 | ||
| 610 | 0 | |a Casa de Caritat (Barcelona, Catalunya) |9 52406 | |
| 700 | 1 | |9 54560 |a Jaumar i de Bofarull, Manuel | |
| 901 | |a Arxiu | ||
| 942 | |n 1 |2 udc |c ART | ||
| 952 | |0 0 |1 0 |4 0 |7 1 |9 64261 |a Arxiu |b Arxiu |d 2022-11-21 |o Rev-508 |r 2022-11-21 00:00:00 |w 2022-11-21 |y ARXIU |z També disponible a Rev-521 | ||
| 999 | |c 48106 |d 48106 | ||